Režisér pre každý žáner O tvorcovi slávnych filmov - Fredovi Zinnemannovi

Bibliographic Details
Main Author: Blech, Richard, 1930-2017 (Author)
Format: Article
Language:Slovak
Subjects:

MARC

LEADER 00000nab a2200000 a 4500
001 vtls000454546
003 SK-MaSNL
005 20260303193354.0
008 120926c1992 xo 0 slo
015 |a SNBRB19rr/mm-uuuuu 
035 |a CL0454677 
040 |a SNKBUCL  |b slo  |c SNKBUCL  |e AACR2 
041 0 |a slo 
044 |a xo  |c SK 
080 |a 791.44.071.1  |2 1981 
080 |a 929 Zinnemann, Fred  |2 1981 
100 1 |a Blech, Richard,  |d 1930-2017  |4 aut  |9 221735 
245 1 0 |a Režisér pre každý žáner  |b O tvorcovi slávnych filmov - Fredovi Zinnemannovi  |c Richard Blech ; Fred Zinnemann 
600 1 7 |a Zinnemann, Fred,  |d 1907-1997  |2 snkbucl  |9 217022 
655 7 |a články z novín a časopisov  |2 snkbucl  |9 267496 
773 0 |t Práca  |g Roč. 47, č. 138 (13. 6. 1992), s. 6 
850 |a Slovenská národná knižnica v Martine  |a MTA001 
852 |a SNK  |b KIS3GCP 
958 |a RK 
992 |a RBX 
999 |c 2151986  |d 2153916